Cancioneiro geral / (Record no. 150866)

MARC details
000 -LEADER
campo de control de longitud fija 00854nam a2200229 i 4500
001 - NÚMERO DE CONTROL
campo de control 150866
003 - IDENTIFICADOR DE NÚMERO DE CONTROL
campo de control ES-MaACL
005 - FECHA Y HORA DE LA ÚLTIMA TRANSACCIÓN
campo de control 20230906203734.0
007 - CAMPO FIJO DE DESCRIPCIÓN FÍSICA--INFORMACIÓN GENERAL
campo de control de longitud fija t|
008 - DATOS DE LONGITUD FIJA--INFORMACIÓN GENERAL
campo de control de longitud fija 071115s1904 xxu ||||1| por d
245 00 - MENCIÓN DEL TÍTULO
Título Cancioneiro geral /
Mención de responsabilidad, etc. [ordenado e emendado por Garcia de Reesende...].
260 ## - PUBLICACIÓN, DISTRIBUCIÓN, ETC.
Lugar de publicación, distribución, etc. [New Yortk :
Nombre del editor, distribuidor, etc. De Vinne Press,
Fecha de publicación, distribución, etc. 1904]
300 ## - DESCRIPCIÓN FÍSICA
Extensión 7 h., CCXXVII fol., 4 h. ;
Dimensiones 32 cm.
500 ## - NOTA GENERAL
Nota general Reprod. facs. del ejemp. de la biblioteca de Archer M. Huntington de la ed. de: Lisboa : per Herman de Campos, 1516. Tirada de 200 ejemplares.
650 #4 - PUNTO DE ACCESO ADICIONAL DE MATERIA--TÉRMINO DE MATERIA
Término de materia o nombre geográfico como elemento de entrada Poesías líricas galaico-portuguesas.
9 (RLIN) 156096
650 #4 - PUNTO DE ACCESO ADICIONAL DE MATERIA--TÉRMINO DE MATERIA
Término de materia o nombre geográfico como elemento de entrada Poesías líricas españolas-
Subdivisión cronológica Hasta S.XV.
9 (RLIN) 16234
655 #7 - TERMINO DE INDIZACIÓN--GENERO/FORMA
Fuente del término tgfbne
9 (RLIN) 226495
Datos o término principal de género/forma Facsímiles
700 1# - ENTRADA AGREGADA--NOMBRE PERSONAL
Nombre de persona Rezende, García de.
9 (RLIN) 96644
852 ## - LOCALIZACIÓN
Ubicación ES-MaACL
Número de control de estantería C-410
942 ## - ELEMENTOS DE ENTRADA SECUNDARIOS (KOHA)
Fuente del sistema de clasificación o colocación Clasificación decimal universal
Holdings
Estatus retirado Estado de pérdida Estado de daño No para préstamo Biblioteca de origen Biblioteca actual Ubicación en estantería Fecha de adquisición Fuente de adquisición Total de préstamos Signatura topográfica completa Código de barras Visto por última vez Precio de reemplazo Tipo de ítem Koha
        Biblioteca del Ateneo de Madrid Biblioteca del Ateneo de Madrid Sala Palomar 17/01/2008     C-410 1157423 23/02/2023 23/02/2023 Libro impreso